| 000 | 00676nam a2200193 i 4500 | ||
|---|---|---|---|
| 001 | 184623 | ||
| 003 | ES-MaACL | ||
| 005 | 20230906222236.0 | ||
| 008 | 151027s1941 sp |||| | spa d | ||
| 100 | 1 |
_aLlanos y Torriglia, Félix de, _d1868-1949 _972719 |
|
| 245 | 1 | 3 |
_aLa reina Isabel, fundidora de España / _cpor Félix de Llanos y Torriglia. |
| 260 |
_aBarcelona : _bLabor, _c1941. |
||
| 300 |
_a287 p. : _b7 lám. ; _c19 cm. |
||
| 490 | 1 |
_aColección pro Ecclesia et Patria ; _v18 |
|
| 600 | 0 | 4 |
_aIsabel _bI, _cReina de Castilla. _9175419 |
| 830 | 0 |
_aColección pro Ecclesia et Patria ; _v18 _9192193 |
|
| 852 |
_aES-MaACL _jC-29151 |
||
| 999 |
_c184623 _d184623 |
||